Sports Quiz

Random Sports or NFL Quiz

AFC Team Sack Leaders (2000-17) Quiz Stats

 Plays Quiz not verified by Sporcle

Challenge
Share
Tweet
Embed
Score 0/286 Timer 12:00
0 Plays Today
% Correct
Terrell Suggs
100%
Terrell Suggs
100%
James Harrison
98.1%
Mario Williams/Jerry Hughes
97.3%
Mario Williams
97.3%
Mario Williams
97.3%
Mario Williams
97.3%
Mario Williams
97.3%
Mario Williams
97.3%
Mario Williams
97.3%
Mario Williams
97.3%
Mario Williams
97.3%
Kyle Williams
96.9%
D.J. Williams
96.9%
Leonard Williams
96.3%
J.J. Watt
95.9%
Terrell Suggs
95.3%
Terrell Suggs
95.3%
Terrell Suggs
95.3%
Terrell Suggs
95.3%
Terrell Suggs
95.3%
Terrell Suggs
95.3%
Terrell Suggs
95.3%
Von Miller
94.9%
James Harrison
93.3%
James Harrison
93.3%
James Harrison
93.3%
James Harrison/LaMarr Woodley
93.3%
Lawrence Timmons/James Harrison
93.3%
Cameron Wake
92.3%
Jadeveon Clowney
92.3%
Justin Houston
92.3%
Kendall Langford/Robert Mathis
91.9%
Von Miller
90.7%
J.J. Watt
90.2%
J.J. Watt
90.2%
J.J. Watt
90.2%
Geno Atkins
89.7%
Jerry Hughes/Shaq Lawson
89.7%
Khalil Mack
89.7%
Dwight Freeney
88.2%
Dwight Freeney
88.2%
Dwight Freeney
88.2%
Robert Mathis
88.2%
Robert Mathis
88.2%
Robert Mathis
88.2%
Robert Mathis
88.2%
Dwight Freeney
88.2%
Robert Mathis
88.2%
Robert Mathis
88.2%
Robert Mathis
88.2%
Robert Mathis
88.2%
Justin Houston
87.8%
Calais Campbell
87.2%
Geno Atkins
87%
Jamir Miller
85.9%
Von Miller
85.9%
Von Miller
85.9%
Von Miller
85.9%
Justin Houston
85.5%
Justin Houston
85.5%
Lamarr Houston
85.5%
Lamarr Houston
85.5%
Cameron Wake
85.2%
Von Miller
85.1%
Joey Bosa
84.6%
Jason Taylor
83.9%
Jason Taylor
83.9%
Jason Taylor
83.9%
Jason Taylor
83.9%
Jason Taylor
83.9%
Jason Taylor
83.9%
Raylee Johnson
82.7%
LaMarr Woodley
82.4%
Elvis Dumervil/Ebenezer Ekuban
81.6%
Cameron Wake
81.2%
Cameron Wake
81.2%
Cameron Wake
81.2%
Cameron Wake
81.2%
Elvis Dumervil
80.4%
Elvis Dumervil
80.4%
Elvis Dumervil
80.4%
Elvis Dumervil
80.4%
Mo Lewis
80%
Khalil Mack
79.6%
Joey Bosa
79.6%
Chandler Jones
79.6%
Aaron Smith
78.4%
Chandler Jones
78.4%
Justin Smith
78%
Justin Smith
78%
Justin Smith
78%
Shaun Ellis/David Harris
78%
Tamba Hali
76.9%
Tamba Hali
76.9%
Tamba Hali
76.9%
% Correct
Tamba Hali
76.9%
Tamba Hali
76.9%
Tamba Hali
76.9%
Myles Garrett
74.4%
Khalil Mack
74.3%
Brian Orakpo
72.2%
Cameron Heyward
71.8%
Elvis Dumervil
71.6%
Muhammad Wilkerson
71.6%
Willie McGinest/Richard Seymour
69.8%
Geno Atkins
69%
Geno Atkins
69%
Richard Seymour
67.5%
Greg Ellis/Trevor Scott
67.1%
Shawne Merriman
66.3%
Shawne Merriman
66.3%
Shawne Merriman
66.3%
Grady Jackson
65.5%
Adalius Thomas
64.7%
Bryan Thomas
64.7%
Bryan Thomas
64.7%
Willie McGinest
63.1%
Shaun Ellis
63.1%
Shaun Ellis
63.1%
Shaun Ellis
63.1%
Dee Ford
63%
Willie McGinest/Randy Spires
62.7%
Carlos Dunlap
62.2%
Muhammad Wilkerson
62%
Brian Orakpo/Jurrell Casey
60.8%
Sheldon Richardson
60.8%
Whitney Mercilus
59.3%
Cameron Heyward
56.8%
Ebenezer Ekuban/John Lynch/Trevor Pryce
54.5%
Trevor Pryce
53.3%
Trevor Pryce
53.3%
Trevor Pryce
53.3%
Trevor Pryce/Bill Romanowski
53.3%
Trevor Pryce
53.3%
Kalimba Edwards/Trevor Scott
52.9%
DeQuincy Scott
51.8%
Lorenzo Alexander
50%
Jason Gildon/Joey Porter
49.8%
Joey Porter
49%
Joey Porter
49%
Joey Porter
49%
Joey Porter
49%
Demario Davis
48.7%
Ebenezer Ekuban
46.3%
Derrick Morgan
46.2%
Melvin Ingram
45.9%
Jevon Kearse
45.9%
Jevon Kearse
45.9%
Jevon Kearse
45.9%
Emmanuel Ogbah
44.4%
Rob Ninkovich
43.9%
Rob Ninkovich
43.9%
Shaun Phillips
43.9%
Shaun Phillips
43.9%
Shaun Phillips
43.9%
Shaun Phillips
43.9%
Shaun Phillips
43.9%
Mark Anderson/Andre Carter
42.7%
Jared Allen
42%
Jared Allen
42%
Jared Allen
42%
Trey Flowers
41%
Carlos Dunlap
40.8%
Wallace Gilberry/Carlos Dunlap
40.8%
Carlos Dunlap
40.8%
Jason Gildon
40.8%
Jason Gildon
40.8%
Paul Kruger
40%
Paul Kruger
40%
Jabaal Sheard
38.5%
Mike Vrabel
37.6%
Mike Vrabel
37.6%
Marcell Dareus
37.3%
Trey Flowers
37%
Olivier Vernon
36.5%
John Abraham
36.1%
John Abraham
36.1%
John Abraham
36.1%
Kevin Carter
36.1%
Kevin Carter
36.1%
Albert Haynesworth
35.7%
Yannick Ngakoue
35.2%
John Henderson/Marcus Stroud
34.9%
Greg Favors/John Henderson
34.5%
John Henderson
34.5%
Justin Tuck
32.2%
Jason Worilds/Cameron Heyward
30.2%
Peter Boulware
29.8%
Peter Boulware
29.8%
Jason Babin
28.6%
Jason Babin
28.6%
% Correct
Jason Worilds
28.2%
Aaron Schobel
28.2%
Aaron Schobel
28.2%
Aaron Schobel
28.2%
Aaron Schobel
28.2%
Aaron Schobel
28.2%
Aaron Schobel
28.2%
Aaron Schobel
28.2%
Aaron Schobel
28.2%
Jurrell Casey
27.5%
Calvin Pace
26.3%
Derrick Burgess/Chris Clemons
25.9%
Reinard Wilson
25.1%
Derrick Morgan
23.5%
Derrick Morgan
23.5%
Duane Clemons/John Thornton
23.1%
Olivier Vernon
22.4%
Kyle Vanden Bosch
22.4%
Kyle Vanden Bosch
22.4%
Kyle Vanden Bosch
22.4%
Duane Clemons
22.4%
Derrick Burgess
21.6%
Derrick Burgess
21.6%
Jabaal Sheard
20.8%
Jabaal Sheard
20.8%
Jabaal Sheard
20.8%
Connor Barwin
20.4%
Kenard Lang
20%
Kamerion Wimbley
19.2%
Kamerion Wimbley
19.2%
Kamerion Wimbley
19.2%
Kamerion Wimbley
19.2%
Corey Liuget
18.4%
Corey Liuget
18.4%
Erik Walden
16.7%
Desmond Bryant
14.9%
Jacob Ford
14.1%
Tyson Alualu
13.7%
Rosevelt Colvin
13.3%
Rosevelt Colvin
13.3%
Sen'Derrick Marks
12.9%
Shaun Rogers
11.4%
Quinton Coples
11%
Cory Hall/Oliver Gibson/Steve Foley
10.6%
John Thornton/Antwan Odom/Nedu Ndukwe
9.8%
Jared Odrick
9.5%
Trace Armstrong
9.4%
Antwan Odom
9%
Reggie Hayward
9%
Reggie Hayward
9%
Reggie Hayward
9%
Robert Geathers
8.6%
Robert Geathers
8.6%
Adewale Ogunleye
8.2%
Ryan Denney/Kawika Mitchell
7.5%
Steve Foley
7.5%
Tully Banta-Cain
6.7%
Mike Wright
6.3%
Aaron Maybin
6.3%
Regan Upshaw
6.3%
Jeremy Mincey
5.9%
Jeremy Mincey
5.9%
Jamie Sharper
5.5%
Vonnie Holliday
5.5%
Tommy Kelly
5.5%
Tommy Kelly
5.5%
Tony Brackens
5.1%
Tony Brackens
5.1%
Tony Brackens
5.1%
Bertrand Berry
5.1%
Roderick Coleman
5.1%
Roderick Coleman
5.1%
Marcellus Wiley
4.7%
Marcellus Wiley
4.7%
Rob Burnett
4.3%
Paul Spicer
4.3%
Kimo von Oelhoffen
3.9%
Bobby McCray
3.9%
Karl Klug
3.9%
Bobby Hamilton
3.1%
Chad Bratzke
2.4%
Chad Bratzke
2.4%
Jonathan Newsome
2.4%
Shantee Orr
2%
Kailee Wong
1.6%
Antwan Barnes
1.6%
Jeff Posey
1.2%
Eric Hicks
1.2%
Eric Hicks
1.2%
Mark Word
0.8%
Keith McKenzie
0.4%
Alvin McKinley
0.4%
Marcus Benard
0.4%
John Parrella
0%

You're not logged in!

Compare scores with friends on all Sporcle quizzes.
Join for Free
OR
Log In

You Might Also Like...

Show Comments

Extras

Top Quizzes Today


Score Distribution

Your Account Isn't Verified!

In order to create a playlist on Sporcle, you need to verify the email address you used during registration. Go to your Sporcle Settings to finish the process.

Report this User

Report this user for behavior that violates our Community Guidelines.

Details: